Real World Cast Members Quiz Stats

 Plays Quiz Updated Jan 16, 2020

Support Sporcle.
Go Orange.
Score 0/221 Timer 16:00
0 Plays Today
Season Castmate % Correct
San FranciscoJo
84.5%
Back to New YorkMike
79.5%
LondonMike
78.2%
MiamiMike
78.2%
Los AngelesJon
78.2%
Washington DCMichael
77.9%
Key WestJohnny
75.6%
AustinDanny
71.7%
New OrleansDanny
71.3%
MiamiDan
71.1%
San DiegoFrank
67.8%
Los AngelesDavid
64.8%
SeattleDavid
64.8%
New OrleansDavid
64.8%
HollywoodDave
64.8%
San FranciscoPuck
64.3%
BrooklynSarah
63.9%
MiamiSarah
63.9%
HollywoodSarah
63.9%
PhiladelphiaSarah
63.6%
New YorkEric
62.8%
New OrleansEric
61.5%
San DiegoZach
60.8%
San DiegoAshley
60.7%
DenverJenn
60.4%
San FranciscoAshley
60.3%
San FranciscoAshley
60.3%
San FranciscoJamie
60%
San FranciscoRachel
59.9%
Back to New YorkRachel
59.9%
AustinRachel
59.9%
New OrleansRyan Knight
59.3%
Las VegasFrank
59.1%
CancunJoey
59%
HollywoodJoey
59%
BrooklynRyan
57.8%
Las VegasSteven
57.8%
San DiegoBrad
57.8%
SeattleStephen
57.7%
DenverStephen
57.7%
PortlandJohnny
57.6%
AustinWes
57.6%
MiamiJoe
57.5%
ChicagoChris
57%
LondonKat
56.9%
New OrleansRyan L.
56.7%
San DiegoSam
56.5%
San FranciscoCory
56.3%
San FranciscoBrian
55.9%
ParisAdam
55.7%
HawaiiRuthie
55%
PortlandJessica
54.6%
Back to New YorkCoral
54.3%
HawaiiMatt
54.2%
New OrleansMatt
54.2%
PortlandJordan
53.9%
DenverTyrie
53.7%
New YorkJulie
53.5%
New OrleansJulie
53.5%
New OrleansKelley
53.2%
St. ThomasMarie
53.2%
Washington DCTy
53.1%
ParisCT
52.7%
Los AngelesBeth
52.2%
Los AngelesBeth A.
52.1%
SydneyAshli
52.1%
San FranciscoJay
52%
St. ThomasBrandon Swift
51.6%
New OrleansAshlee
51.3%
St. ThomasLaura
51%
AustinMelinda
51%
Key WestPaula
50.7%
San FranciscoPedro
50.7%
Washington DCAshley
50.7%
Season Castmate % Correct
St. ThomasBrandon 'Hollywood'
50.6%
Las VegasTrishelle
50.5%
San FranciscoThomas
49.7%
MiamiMelissa
49.2%
New OrleansMelissa
49.2%
AustinJohanna
49.1%
PhiladelphiaLandon
48.9%
St. ThomasRobb
48.6%
New YorkAndre
48.2%
New YorkHeather B.
48.2%
PortlandNia
48.1%
DenverColie
48.1%
San FranciscoJenna
47.9%
CancunEmilee
47.9%
Washington DCEmily
47.8%
Back to New YorkKevin
47.5%
New YorkKevin
47.5%
New OrleansJamie
47.4%
San DiegoJamie
47.4%
San DiegoNate
46.8%
St. ThomasTrey
46.6%
San DiegoRobin
45.4%
ParisAce
45.1%
HollywoodWill
45%
DenverAlex
44.8%
PortlandAverey
44.5%
Key WestTyler
44.5%
ChicagoTonya
44.2%
BostonSean
43.9%
SeattleNathan
43.5%
BostonSyrus
43%
Las VegasAlton
42.8%
St. ThomasLaToya
42.6%
San DiegoPriscilla
42.4%
CancunC.J.
42.3%
San FranciscoJenny
42.1%
New YorkBecky
42.1%
HawaiiTeck
41.9%
PortlandAnastasia
41.7%
San DiegoCameran
41.5%
PortlandMarlon
41.1%
PhiladelphiaM.J.
41%
Key WestZach
41%
Los AngelesIrene
41%
SeattleIrene
41%
Washington DCAndrew
40.8%
ChicagoKyle
40.3%
San DiegoFrankie
40.2%
HollywoodNick
39.9%
ChicagoAneesa
39.8%
BostonJason
39.6%
San DiegoAlexandra
39.5%
Los AngelesAaron
39.3%
ParisMallory
39.3%
HollywoodKim
39.2%
SydneyDunbar
39.1%
Key WestSvetlana
39.1%
BostonMontana
39%
SydneyKelly Anne
39%
HawaiiAmaya
38.8%
Back to New YorkNicole
38.7%
HawaiiColin
38.1%
HollywoodGreg
38.1%
DenverBrooke
38.1%
ChicagoCara
37.9%
New OrleansPreston
37.7%
HawaiiJustin
37.5%
Las VegasBrynn
37.5%
Key WestJose
37.3%
ParisChristina
37.2%
BrooklynChet
37.1%
Las VegasMichael
37%
San DiegoRandy
36.9%
SydneyShauvon
36.8%
Season Castmate % Correct
SydneyCohutta
36.7%
PortlandJoi
36.6%
San FranciscoHailey
36.3%
CancunDerek
36.3%
New OrleansJemmye
36.3%
San FranciscoPam
36.1%
BostonGenesis
36.1%
San FranciscoCory
35.8%
SeattleRebecca
35.7%
SeattleLindsay
35.6%
Las VegasIrulan
35.5%
DenverDavis
35.3%
Washington DCJosh
35.1%
MiamiFlora
35%
San FranciscoJudd
34.8%
ParisLeah
34.4%
Los AngelesTami
33.9%
San FranciscoArielle
33.6%
AustinNehemiah
33.6%
New YorkNorman
33.4%
PortlandDaisy
33.4%
CancunJasmine
33.4%
BrooklynScott
33.4%
SydneyIsaac
33.3%
AustinLacey
33%
New OrleansMcKenzie
32.9%
LondonJay
32.7%
Las VegasArissa
32.5%
HollywoodBrianna
32.4%
LondonJacinda
32.2%
CancunJonna
32.2%
ChicagoTheo
32.1%
San DiegoCharlie
31.8%
Las VegasAdam Royer
31.7%
BostonElka
31.7%
BrooklynKatelynn
31.6%
Back to New YorkLori
31.6%
New OrleansSahar
31.5%
PhiladelphiaMelanie
31.4%
Las VegasHeather Cooke
31.2%
Las VegasHeather Marter
31.1%
BrooklynDevyn
30.8%
LondonNeil
30.8%
ParisSimon
30.8%
HollywoodBrittini
30.4%
ChicagoKeri
30.2%
LondonSharon
30.2%
Los AngelesDominic
30%
PhiladelphiaKaramo
29.9%
SydneyParisa
29.9%
SeattleJanet
29.8%
SydneyTrisha
29.8%
BrooklynJ.D.
29.6%
MiamiCynthia
28.9%
CancunAyiiia
28.8%
San FranciscoMohammed
28.8%
CancunBronne
28.3%
PhiladelphiaShavonda
28.2%
Key WestJanelle
28.1%
Washington DCErika
28.1%
LondonLars
27.9%
San DiegoJacquese
27.9%
HawaiiKaia
27.6%
PhiladelphiaWillie
27.5%
BrooklynBaya
27.5%
Back to New YorkMalik
27.4%
BostonKameelah
26.8%
Washington DCCallie
26%
Los AngelesGlenn
26%
Las VegasDustin
24.9%
Las VegasLeroy
24.5%
Las VegasNany
23.7%
Las VegasNaomi
21.7%

From the Vault

10 Poorest Countries in Asia

by bikingguy

Hint: Just because a country has a lot of people doesn't mean it has a lot of money.
Remove Ads.
Support Sporcle.
Get the best of Sporcle when you Go Orange. This ad-free experience offers more features, more stats, and more fun while also helping to support Sporcle. Thank you for becoming a member.

Show Comments

Extras

Top Quizzes Today


Score Distribution

Your Account Isn't Verified!

In order to create a playlist on Sporcle, you need to verify the email address you used during registration. Go to your Sporcle Settings to finish the process.

Report this User

Report this user for behavior that violates our Community Guidelines.

Details: